| 000 -LEADER |
| fixed length control field |
01575cam a22003854a 4500 |
| 001 - CONTROL NUMBER |
| control field |
12835122 |
| 003 - CONTROL NUMBER IDENTIFIER |
| control field |
OSt |
| 005 - DATE AND TIME OF LATEST TRANSACTION |
| control field |
20210914112913.0 |
| 008 - FIXED-LENGTH DATA ELEMENTS--GENERAL INFORMATION |
| fixed length control field |
020627s2003 nyua 000 0 eng |
| 010 ## - LIBRARY OF CONGRESS CONTROL NUMBER |
| LC control number |
2002068951 |
| 020 ## - INTERNATIONAL STANDARD BOOK NUMBER |
| International Standard Book Number |
9780471372165 |
| 038 ## - RECORD CONTENT LICENSOR |
| Staff Name |
khadija |
| 040 ## - CATALOGING SOURCE |
| Original cataloging agency |
DLC |
| Transcribing agency |
DLC |
| Modifying agency |
DLC |
| 042 ## - AUTHENTICATION CODE |
| Authentication code |
pcc |
| 050 00 - LIBRARY OF CONGRESS CALL NUMBER |
| Classification number |
TA340 |
| Item number |
.M36 2003 |
| 082 00 - DEWEY DECIMAL CLASSIFICATION NUMBER |
| Classification number |
507.2 |
| Edition number |
21 |
| Author Mark |
MAS |
| 100 1# - MAIN ENTRY--PERSONAL NAME |
| Personal name |
Mason, Robert Lee, |
| Dates associated with a name |
1946- |
| 9 (RLIN) |
82428 |
| 245 10 - TITLE STATEMENT |
| Title |
Statistical design and analysis of experiments : |
| Remainder of title |
with applications to engineering and science / |
| Statement of responsibility, etc. |
Robert L. Mason, Richard F. Gunst, James L. Hess. |
| 250 ## - EDITION STATEMENT |
| Edition statement |
2nd ed. |
| 260 ## - PUBLICATION, DISTRIBUTION, ETC. |
| Place of publication, distribution, etc. |
New York : |
| Name of publisher, distributor, etc. |
J. Wiley, |
| Date of publication, distribution, etc. |
2003. |
| 300 ## - PHYSICAL DESCRIPTION |
| Extent |
xix, 728 p. : |
| Other physical details |
ill. ; |
| Dimensions |
24 cm. |
| 440 #0 - SERIES STATEMENT/ADDED ENTRY--TITLE |
| Title |
Wiley series in probability and statistics |
| 9 (RLIN) |
11039 |
| 563 ## - BINDING INFORMATION |
| Binding note |
hardcover |
| 650 #0 - SUBJECT ADDED ENTRY--TOPICAL TERM |
| Topical term or geographic name entry element |
Engineering |
| General subdivision |
Statistical methods. |
| 9 (RLIN) |
129 |
| 650 #0 - SUBJECT ADDED ENTRY--TOPICAL TERM |
| Topical term or geographic name entry element |
Science |
| General subdivision |
Statistical methods. |
| 9 (RLIN) |
34497 |
| 650 #0 - SUBJECT ADDED ENTRY--TOPICAL TERM |
| Topical term or geographic name entry element |
Experimental design. |
| 9 (RLIN) |
10527 |
| 700 1# - ADDED ENTRY--PERSONAL NAME |
| Personal name |
Gunst, Richard F., |
| Dates associated with a name |
1947- |
| 9 (RLIN) |
82429 |
| 700 1# - ADDED ENTRY--PERSONAL NAME |
| Personal name |
Hess, James L. |
| 9 (RLIN) |
82430 |
| 856 42 - ELECTRONIC LOCATION AND ACCESS |
| Materials specified |
Contributor biographical information |
| Uniform Resource Identifier |
<a href="http://www.loc.gov/catdir/bios/wiley045/2002068951.html">http://www.loc.gov/catdir/bios/wiley045/2002068951.html</a> |
| 856 42 - ELECTRONIC LOCATION AND ACCESS |
| Materials specified |
Publisher description |
| Uniform Resource Identifier |
<a href="http://www.loc.gov/catdir/description/wiley039/2002068951.html">http://www.loc.gov/catdir/description/wiley039/2002068951.html</a> |
| 856 41 - ELECTRONIC LOCATION AND ACCESS |
| Materials specified |
Table of contents |
| Uniform Resource Identifier |
<a href="http://www.loc.gov/catdir/toc/wiley031/2002068951.html">http://www.loc.gov/catdir/toc/wiley031/2002068951.html</a> |
| 906 ## - LOCAL DATA ELEMENT F, LDF (RLIN) |
| a |
7 |
| b |
cbc |
| c |
orignew |
| d |
1 |
| e |
ocip |
| f |
20 |
| g |
y-gencatlg |
| 942 ## - ADDED ENTRY ELEMENTS (KOHA) |
| Source of classification or shelving scheme |
|
| Koha item type |
Book |